000
00274nam a2200109Ia 4500
008
190919s9999||||xx |||||||||||||| ||und||
100
_a
Khalid Hasan
245
0
_a
Faiz Ahmed Faiz O City of Lights
260
_a
Canada
_b
Tata McGraw Hill
_c
1983
300
_a
448
942
_c
BK
999
_c
11479
_d
11479